<?xml version="1.0" encoding="UTF-8"?>
<record
    xmlns:xsi="http://www.w3.org/2001/XMLSchema-instance"
    xsi:schemaLocation="http://www.loc.gov/MARC21/slim http://www.loc.gov/standards/marcxml/schema/MARC21slim.xsd"
    xmlns="http://www.loc.gov/MARC21/slim">

  <leader>00924nam a2200253   4500</leader>
  <controlfield tag="001">6129</controlfield>
  <datafield tag="010" ind1=" " ind2=" ">
    <subfield code="a">978-3-905315-87-5</subfield>
  </datafield>
  <datafield tag="090" ind1=" " ind2=" ">
    <subfield code="a">6129</subfield>
  </datafield>
  <datafield tag="100" ind1=" " ind2=" ">
    <subfield code="a">20260701d        u||y0frey50      ba</subfield>
  </datafield>
  <datafield tag="101" ind1=" " ind2=" ">
    <subfield code="a">fre</subfield>
    <subfield code="a">ger</subfield>
  </datafield>
  <datafield tag="200" ind1=" " ind2=" ">
    <subfield code="a">Les saisonniers.&#xE8;res en Suisse</subfield>
    <subfield code="d">Saisonarbeitende in der Schweiz : Arbeit, Migration, Fremdenfeindlichkeit und Solidarit&#xE4;t</subfield>
    <subfield code="e">Travail, migration, x&#xE9;nophobie et solidarit&#xE9;</subfield>
    <subfield code="f">Marc Gigase</subfield>
    <subfield code="f">Yan Schubert</subfield>
    <subfield code="h">3</subfield>
    <subfield code="i">traverse. Revue d'histoire </subfield>
  </datafield>
  <datafield tag="210" ind1=" " ind2=" ">
    <subfield code="a">Z&#xFC;rich</subfield>
    <subfield code="c">Chronos</subfield>
    <subfield code="d">2022</subfield>
  </datafield>
  <datafield tag="215" ind1=" " ind2=" ">
    <subfield code="a">212 p. </subfield>
    <subfield code="c">ill. </subfield>
    <subfield code="d">23 cm.</subfield>
  </datafield>
  <datafield tag="300" ind1=" " ind2=" ">
    <subfield code="a">Certains textes sont en fran&#xE7;ais et d'autres en allemand.</subfield>
  </datafield>
  <datafield tag="606" ind1=" " ind2=" ">
    <subfield code="9">1605</subfield>
    <subfield code="a">Droits des immigr&#xE9;s</subfield>
  </datafield>
  <datafield tag="606" ind1=" " ind2=" ">
    <subfield code="9">158</subfield>
    <subfield code="a">Statut de saisonnier</subfield>
  </datafield>
  <datafield tag="606" ind1=" " ind2=" ">
    <subfield code="9">1063</subfield>
    <subfield code="a">Migration</subfield>
  </datafield>
  <datafield tag="606" ind1=" " ind2=" ">
    <subfield code="9">816</subfield>
    <subfield code="a">Travail</subfield>
  </datafield>
  <datafield tag="606" ind1=" " ind2=" ">
    <subfield code="9">1057</subfield>
    <subfield code="a">Mouvement ouvrier</subfield>
  </datafield>
  <datafield tag="606" ind1=" " ind2=" ">
    <subfield code="9">1158</subfield>
    <subfield code="a">Racisme</subfield>
  </datafield>
  <datafield tag="607" ind1=" " ind2=" ">
    <subfield code="9">414</subfield>
    <subfield code="a">Suisse</subfield>
  </datafield>
  <datafield tag="701" ind1=" " ind2=" ">
    <subfield code="9">7061</subfield>
    <subfield code="a">Gigase</subfield>
    <subfield code="b">Marc</subfield>
  </datafield>
  <datafield tag="701" ind1=" " ind2=" ">
    <subfield code="9">7062</subfield>
    <subfield code="a">Schubert</subfield>
    <subfield code="b">Yan</subfield>
  </datafield>
  <datafield tag="801" ind1=" " ind2=" ">
    <subfield code="a">CH</subfield>
    <subfield code="b">CH-001784-0 </subfield>
  </datafield>
  <datafield tag="995" ind1=" " ind2=" ">
    <subfield code="1">0</subfield>
    <subfield code="2">0</subfield>
    <subfield code="3">0</subfield>
    <subfield code="5">2026-07-03</subfield>
    <subfield code="9">7126</subfield>
    <subfield code="b">002</subfield>
    <subfield code="c">002</subfield>
    <subfield code="e">CT Livres</subfield>
    <subfield code="f">CT0114</subfield>
    <subfield code="k">L1040</subfield>
    <subfield code="o">1</subfield>
  </datafield>
</record>
